000 00496nam a2200193Ia 4500
003 OSt
005 20250123111616.0
008 231217s9999 xx 000 0 und d
020 _a122896734
040 _c0
041 _aEnglish
082 _a589.92 GOO;1 R
100 _aGoodfellow, M. Williams, S T. Mordarski, M.
245 0 _aActinomycetes in biotechnology
260 _c1988
_bAcademic Press
_aLondon
300 _a501
650 _aActinomycetes,biotechnology
942 _cAA
_2ddc
999 _c198212
_d198212